| 000 | 00896nas a2200301 4500 | ||
|---|---|---|---|
| 001 | BR2013008713 | ||
| 003 | BR-BrBNA | ||
| 005 | 20231205123142.0 | ||
| 007 | ta | ||
| 008 | 230509b bl.|||p| |||| 00| 00por d | ||
| 040 |
_aBR-BrBNA _bpor _cBiblioteca Nacional de Agricultura |
||
| 041 | _a(Pt) | ||
| 072 | _aF03; F60 | ||
| 100 | 1 | _aMertz, L.M. | |
| 100 | 1 | _aHenning, F.A. | |
| 100 | 1 | _aCruz, H.L. da | |
| 100 | 1 | _aMeneghello, G.E. | |
| 100 | 1 | _aFerrari, C. dos S. | |
| 100 | 1 | _aZimmer, P.D. | |
| 245 | 1 | _aDiferenças estruturais entre tegumentos de sementes de soja com permeabilidade contrastante | |
| 650 | _aSOJA | ||
| 650 | _aSEMENTE | ||
| 650 | _aGENÓTIPO | ||
| 650 | _aBIOQUÍMICA | ||
| 773 | 0 |
_tRevista Brasileira de Sementes (Brazil) _xISSN 0101-3122 _g(Mar 2009), v. 31(1) p. 23-29 _wBR2013008713 |
|
| 909 |
_a202311 _bLúcia _c55 _dLúcia Elande |
||
| 942 |
_2AGRIS _n0 _cANA |
||
| 999 |
_c232429 _d232429 |
||